| 000 | 02698nam a2200505 c 4500 | ||
|---|---|---|---|
| 003 | BLK | ||
| 005 | 20241022153305.0 | ||
| 008 | 180408b bul|||||r ||||||| ||bul|| | ||
| 010 | _aKNG00048025000 | ||
| 020 |
_a954-9772-29-2 _bиздат.: Факел експрес |
||
| 040 | _aBLK | ||
| 041 |
_aBUL _cBUL |
||
| 080 |
_aВоенна история - Военни походи, битки, героични подвизи. Вж и 93/99 _b355.48 _x(47+57)"1939/1945"(092) _z355.48(47+57)"1939/1945"(092) |
||
| 080 |
_aИстория на Русия и СССР. Вж и 936 ; 957 _b94(470) _x _z94(470) |
||
| 080 |
_aСъветски пълководец, маршал, министър на отбраната _b929 Жуков, Георгий Константинович _x _z929 Жуков, Георгий Константинович |
||
| 100 | 1 |
_aСуворов, Виктор _eпърви автор _gРезун, Владимир Богданович _9254917 |
|
| 700 |
_a Тотоманов, Иван Димитров, 1953 - _9367882 |
||
| 139 |
_aСуворов, Виктор _bЖ 81 |
||
| 245 | 1 | 0 |
_aСянката на победата _bВ 3 кн. _cВиктор Суворов; прев. Иван Димитров Тотоманов. _nКн. 2 _pВзимам си думите назад |
| 257 | _aRUS | ||
| 260 |
_аСофия _bФакел експрес _c2001 - _fСофия : Балкан прес АД |
||
| 300 | _c20 см | ||
| 380 | _a3 | ||
| 500 | _aОриг. загл. Беру свои слова обратно / Виктор Суворов. -Виктор Суворов псевд. на Владимир Богданович Резун. - Офс. изд. - Библиогр. с. 529-532. | ||
| 504 | _a529-532 | ||
| 600 | 1 | 4 |
_aЖуков, Георгий Константинович _9254919 |
| 650 | 4 |
_aВелика Отечествена война - СССР _9254920 |
|
| 650 | 4 |
_aВоенна история - СССР _9254921 |
|
| 650 | 4 |
_aМаршали, съветски _9161233 |
|
| 650 | 4 |
_aЖуков, Георгий Константинович _9254919 |
|
| 651 | 4 |
_aСССР _9179592 |
|
| 653 | _aГеорги Жуков | ||
| 653 | _aВелика отечествена война | ||
| 653 | _aСССР | ||
| 653 | _aистория | ||
| 653 | _aВтора световна война | ||
| 653 | _aвоенни дейци | ||
| 760 | 1 |
_aСуворов, Виктор _d2004 _h536 с. _tКн. 2 Взимам си думите назад |
|
| 852 | _aЦб 210565 | ||
| 856 | 4 |
_qpdf _u |
|
| 856 | 4 |
_qpdf _u |
|
| 942 |
_cKNG _n0 _010 |
||
| 944 |
_aCR _c04.02.2005 _k30530 _lМинев Младен |
||
| 944 |
_aED _c04.01.2007 _k |
||
| 999 |
_c44260 _d44260 |
||